[Event "2MCRE_F"]
[Site "?"]
[Date "2003.??.??"]
[Round "?"]
[White "Hybl, Vladislav"]
[Black "Privoznik, Lubos"]
[Result "1/2-1/2"]
[WhiteElo "2309"]
[BlackElo "2249"]
[PlyCount "41"]
[EventDate "2003.??.??"]
[EventType "corr"]
[SourceDate "2003.09.09"]

1. e4 c5 2. Nf3 d6 3. d4 cxd4 4. Nxd4 Nf6 5. Nc3 Nc6 6. f3 Nxd4 7. Qxd4 g6 8.
Be3 Bg7 9. Bc4 O-O 10. Qd2 Be6 11. Bxe6 fxe6 12. e5 Ne8 13. Bh6 Bxh6 14. Qxh6
Qa5 15. exd6 Qe5+ 16. Kf2 Nf6 17. h3 Qd4+ 18. Qe3 Qxe3+ 19. Kxe3 exd6 20. Rad1
d5 21. Rhe1 1/2-1/2

[Event "2MCRE_F"]
[Site "?"]
[Date "2003.??.??"]
[Round "?"]
[White "Firla, Stanislav"]
[Black "Brousek, Jiri"]
[Result "1-0"]
[WhiteElo "2344"]
[BlackElo "2361"]
[PlyCount "87"]
[EventDate "2003.??.??"]
[EventType "corr"]
[SourceDate "2003.09.09"]

1. e4 e6 2. d4 d5 3. Nc3 dxe4 4. Nxe4 Bd7 5. Nf3 Bc6 6. Bd3 Nd7 7. O-O Ngf6 8.
Neg5 Bd6 9. Re1 h6 10. Nh3 Bxf3 11. Qxf3 c6 12. Nf4 Qa5 13. c3 O-O-O 14. b4 Qc7
15. b5 c5 16. g3 g5 17. b6 axb6 18. Ng2 cxd4 19. cxd4 Bb4 20. Bb2 Bxe1 21. Rc1
Qxc1 22. Bxc1 Bc3 23. Be3 Rdf8 24. Bc4 b5 25. Bxb5 Nd5 26. Bc1 Bxd4 27. Bxd7+
Kxd7 28. Ba3 Re8 29. Qxf7+ Kc6 30. Ne1 b6 31. Nd3 Rhg8 32. Qh7 Ra8 33. Qxh6 Kd7
34. Bc1 Ne7 35. Qh5 Ra5 36. Qg4 Nc6 37. h4 Rxa2 38. Bxg5 Rf8 39. Kg2 b5 40. Qd1
Ra1 41. Qe2 b4 42. Be3 Bxe3 43. Qxe3 Ra5 44. Nc5+ 1-0

[Event "2MCRE_F"]
[Site "?"]
[Date "2003.??.??"]
[Round "?"]
[White "Vozda, Jindrich"]
[Black "Gubas, Jan"]
[Result "1/2-1/2"]
[WhiteElo "2494"]
[BlackElo "2347"]
[PlyCount "41"]
[EventDate "2003.??.??"]
[EventType "corr"]
[SourceDate "2003.09.09"]

1. e4 e6 2. d4 d5 3. Nc3 Bb4 4. e5 c5 5. a3 Bxc3+ 6. bxc3 Ne7 7. Qg4 O-O 8. Bd3
f5 9. exf6 Rxf6 10. Bg5 Rf7 11. Qh4 h6 12. Nf3 Nbc6 13. Bxe7 Qxe7 14. Qg3 c4
15. Bg6 Rf6 16. O-O Bd7 17. Rfe1 Raf8 18. Re2 Be8 19. Nh4 Qd7 20. Rae1 Bf7 21.
Ra1 1/2-1/2

[Event "2MCRE_F"]
[Site "?"]
[Date "2003.??.??"]
[Round "?"]
[White "Prepiora, Vaclav"]
[Black "Gubas, Jan"]
[Result "1/2-1/2"]
[WhiteElo "2362"]
[BlackElo "2347"]
[PlyCount "76"]
[EventDate "2003.??.??"]
[EventType "corr"]
[SourceDate "2003.09.09"]

1. e4 e6 2. d4 d5 3. e5 c5 4. c3 Nc6 5. Nf3 Qb6 6. Be2 cxd4 7. cxd4 Nge7 8. Nc3
Nf5 9. Na4 Qa5+ 10. Bd2 Qd8 11. Bc3 Rb8 12. O-O b5 13. Nc5 b4 14. Be1 Bxc5 15.
dxc5 O-O 16. a3 bxa3 17. bxa3 f6 18. exf6 Qxf6 19. Rc1 Rd8 20. Bd2 h6 21. Re1
e5 22. Bc3 Nfe7 23. Qa4 Rf8 24. Bd3 d4 25. Ba5 Bg4 26. Be4 Nxa5 27. Qxa5 Bxf3
28. Bxf3 Rb3 29. Qa4 Rxf3 30. gxf3 Ng6 31. Qb3+ Kh8 32. c6 Nh4 33. f4 Qxf4 34.
Qg3 Nf3+ 35. Kf1 Qf6 36. Red1 Ng5 37. Re1 d3 38. c7 Qa6 1/2-1/2

[Event "2MCRE_F"]
[Site "?"]
[Date "2003.??.??"]
[Round "?"]
[White "Thoma, Otomar"]
[Black "Brousek, Jiri"]
[Result "1/2-1/2"]
[WhiteElo "2206"]
[BlackElo "2361"]
[PlyCount "76"]
[EventDate "2003.??.??"]
[EventType "corr"]
[SourceDate "2003.09.09"]

1. e4 e6 2. d4 d5 3. Nc3 dxe4 4. Nxe4 Bd7 5. Nf3 Bc6 6. Bd3 Nd7 7. O-O Ngf6 8.
Ng3 Be7 9. c4 O-O 10. Bf4 b6 11. b3 Bb7 12. Qe2 c5 13. dxc5 Nxc5 14. Bc2 Qc8
15. Rad1 Qc6 16. h3 Rfe8 17. Be5 Ncd7 18. Bc3 a6 19. Rfe1 b5 20. Ne4 bxc4 21.
Bxf6 cxb3 22. Rxd7 Qxd7 23. Ne5 Qc7 24. Qg4 g6 25. Nxf7 Bxf6 26. Nxf6+ Kxf7 27.
Nxe8 Rxe8 28. Bxb3 Qd6 29. Rd1 Bd5 30. Qf3+ Bxf3 31. Rxd6 Bb7 32. Rb6 Bd5 33.
Rxa6 Rc8 34. f3 Bxb3 35. axb3 Rc1+ 36. Kf2 Rb1 37. Rb6 Rb2+ 38. Kg3 Ke7 1/2-1/2

[Event "2MCRE_F"]
[Site "?"]
[Date "2003.??.??"]
[Round "?"]
[White "Prepiora, Vaclav"]
[Black "Postl, Rostislav"]
[Result "1-0"]
[WhiteElo "2362"]
[BlackElo "2251"]
[PlyCount "99"]
[EventDate "2003.??.??"]
[EventType "corr"]
[SourceDate "2003.09.09"]

1. e4 e5 2. Nf3 Nc6 3. Bb5 a6 4. Ba4 Nf6 5. O-O Be7 6. Re1 b5 7. Bb3 d6 8. c3
O-O 9. h3 Na5 10. Bc2 c5 11. d4 Qc7 12. Nbd2 cxd4 13. cxd4 Bb7 14. d5 Rac8 15.
Bd3 Nd7 16. Nf1 f5 17. Ng3 fxe4 18. Bxe4 Nc4 19. Bf5 Kh8 20. Be6 Rce8 21. Ne4
Nf6 22. Nfg5 Bd8 23. b3 Nxe4 24. Nxe4 Nb6 25. a4 Bc8 26. a5 Nd7 27. Be3 Be7 28.
Rc1 Qb8 29. Rc6 Nf6 30. Nxf6 Bxf6 31. Bxc8 Rxc8 32. Rxa6 b4 33. Qg4 Qb5 34.
Rxd6 Qxa5 35. Rc6 Rb8 36. Bc5 Rfd8 37. Rd1 Rb7 38. d6 Qb5 39. Rc7 Rg8 40. Rxb7
Qxb7 41. d7 Qc7 42. Bxb4 Qc2 43. Ba5 Qxb3 44. d8=Q Bxd8 45. Bxd8 Qf7 46. Bh4
Re8 47. Qe4 Qf4 48. Re1 Qxe4 49. Rxe4 Kg8 50. Bg3 1-0

[Event "2MCRE_F"]
[Site "?"]
[Date "2003.??.??"]
[Round "?"]
[White "Hybl, Vladislav"]
[Black "Gubas, Jan"]
[Result "1/2-1/2"]
[WhiteElo "2309"]
[BlackElo "2347"]
[PlyCount "50"]
[EventDate "2003.??.??"]
[EventType "corr"]
[SourceDate "2003.09.09"]

1. e4 e6 2. d4 d5 3. Nd2 Nf6 4. e5 Nfd7 5. Bd3 c5 6. c3 Nc6 7. Ne2 cxd4 8. cxd4
Qb6 9. Nf3 f6 10. exf6 Nxf6 11. O-O Bd6 12. Nc3 O-O 13. Be3 Bd7 14. a3 Rac8 15.
Na4 Qc7 16. Rc1 Be8 17. Nc5 Bxc5 18. Rxc5 Bh5 19. Be2 Ng4 20. Ne5 Ngxe5 21.
Bxh5 Nc4 22. b3 Nxe3 23. fxe3 Rxf1+ 24. Qxf1 Rf8 25. Bf3 a5 1/2-1/2

[Event "2MCRE_F"]
[Site "?"]
[Date "2003.??.??"]
[Round "?"]
[White "Sykora, Josef"]
[Black "Pytlik, Lesek"]
[Result "1/2-1/2"]
[WhiteElo "2365"]
[BlackElo "2316"]
[PlyCount "68"]
[EventDate "2003.??.??"]
[EventType "corr"]
[SourceDate "2003.09.09"]

1. d4 Nf6 2. c4 e6 3. Nf3 d5 4. Nc3 c6 5. e3 Nbd7 6. Qc2 Bd6 7. Bd3 O-O 8. O-O
dxc4 9. Bxc4 b5 10. Bd3 Bb7 11. a3 a6 12. b4 a5 13. Rb1 Qe7 14. e4 axb4 15.
axb4 e5 16. dxe5 Nxe5 17. Nxe5 Bxe5 18. Ne2 Bc7 19. Ng3 Rfd8 20. Nf5 Qe5 21. g3
Qe6 22. Bb2 Ra2 23. Rfd1 Be5 24. f4 Bxb2 25. Rxb2 Rxb2 26. Qxb2 c5 27. bxc5
Bxe4 28. Nd4 Qd5 29. c6 Bxd3 30. Rxd3 Qc5 31. Qc3 Qb6 32. c7 Rc8 33. Qc6 Qxc7
34. Qxc7 Rxc7 1/2-1/2

[Event "2MCRE_F"]
[Site "?"]
[Date "2003.??.??"]
[Round "?"]
[White "Pravec, Ladislav"]
[Black "Sykora, Josef"]
[Result "1/2-1/2"]
[WhiteElo "2302"]
[BlackElo "2365"]
[PlyCount "75"]
[EventDate "2003.??.??"]
[EventType "corr"]
[SourceDate "2003.09.09"]

1. d4 Nf6 2. c4 e6 3. Nf3 b6 4. g3 Bb7 5. Bg2 Be7 6. O-O O-O 7. b3 d5 8. Ne5
Nbd7 9. Nc3 c6 10. Nd3 Rc8 11. Bb2 Ba6 12. cxd5 cxd5 13. Rc1 Nb8 14. Qd2 Nc6
15. Ne5 Bb7 16. e3 Nd7 17. Nxc6 Rxc6 18. Ne2 Rxc1 19. Rxc1 Nf6 20. Nf4 Bd6 21.
Nd3 Qe7 22. Ne5 Rc8 23. Rxc8+ Bxc8 24. Qc2 Bb7 25. Bf1 Ne4 26. Bd3 a6 27. f3
Nf6 28. Qe2 a5 29. Bb1 g6 30. Bd3 Nd7 31. Nxd7 Qxd7 32. Bb5 Qd8 33. Qc2 Bf8 34.
Bf1 h5 35. f4 Qd6 36. a3 Bc6 37. Qc3 Bd7 38. Bd3 1/2-1/2

[Event "2MCRE_F"]
[Site "?"]
[Date "2003.??.??"]
[Round "?"]
[White "Pytlik, Lesek"]
[Black "Vozda, Jindrich"]
[Result "1/2-1/2"]
[WhiteElo "2316"]
[BlackElo "2494"]
[PlyCount "45"]
[EventDate "2003.??.??"]
[EventType "corr"]
[SourceDate "2003.09.09"]

1. e4 e6 2. d4 d5 3. Nd2 c5 4. exd5 Qxd5 5. Ngf3 cxd4 6. Bc4 Qd6 7. O-O Nf6 8.
Nb3 Nc6 9. Nbxd4 Nxd4 10. Nxd4 Be7 11. c3 O-O 12. Qf3 a6 13. Re1 Qc7 14. Bd3
Bd6 15. Kh1 Qa5 16. Be3 Rd8 17. Bc2 Bd7 18. Nb3 Qe5 19. Qh3 Bc7 20. Rad1 Bc6
21. Nd4 Bd5 22. Kg1 Qh5 23. Qxh5 1/2-1/2

[Event "2MCRE_F"]
[Site "?"]
[Date "2003.??.??"]
[Round "?"]
[White "Gubas, Jan"]
[Black "Alexa, Jaroslav"]
[Result "1/2-1/2"]
[WhiteElo "2347"]
[BlackElo "2362"]
[PlyCount "53"]
[EventDate "2003.??.??"]
[EventType "corr"]
[SourceDate "2003.09.09"]

1. e4 c5 2. Nf3 d6 3. d4 cxd4 4. Nxd4 Nf6 5. Nc3 a6 6. Be2 e5 7. Nb3 Be7 8. O-O
O-O 9. Qd3 Be6 10. Qg3 Nc6 11. Be3 Nb4 12. Bd1 d5 13. Nc5 d4 14. Bh6 Ne8 15.
Nxe6 fxe6 16. Ne2 Nc6 17. Bd2 Nf6 18. Qd3 Rc8 19. a3 b5 20. Rc1 Kh8 21. b4 a5
22. Rb1 axb4 23. axb4 Qb6 24. Ng3 Ne8 25. Bg4 Nd8 26. c3 Nd6 27. Ne2 1/2-1/2

[Event "2MCRE_F"]
[Site "?"]
[Date "2003.??.??"]
[Round "?"]
[White "Brousek, Jiri"]
[Black "Prepiora, Vaclav"]
[Result "0-1"]
[WhiteElo "2361"]
[BlackElo "2362"]
[PlyCount "98"]
[EventDate "2003.??.??"]
[EventType "corr"]
[SourceDate "2003.09.09"]

1. d4 Nf6 2. Nf3 g6 3. Nc3 d5 4. Bf4 Bg7 5. e3 O-O 6. Be2 Bg4 7. Ne5 Bxe2 8.
Qxe2 e6 9. h4 c5 10. O-O-O Nc6 11. Nxc6 bxc6 12. Be5 cxd4 13. exd4 h5 14. f3
Nd7 15. Bxg7 Kxg7 16. g4 Rh8 17. Qe3 Rb8 18. a3 Nb6 19. Qe5+ Kg8 20. b3 Qf8 21.
Nb1 Rc8 22. Rhg1 hxg4 23. Rxg4 Nd7 24. Qg5 Qd8 25. Kb2 Nf6 26. Rg2 c5 27. dxc5
Rxc5 28. Nc3 Rh5 29. Qe3 Qd6 30. Ne2 Rxh4 31. Qg5 Rh2 32. Rxh2 Qxh2 33. Nd4 Kg7
34. Rg1 Qh5 35. Qe3 Rc8 36. Rg2 Qh3 37. Qe2 Rh8 38. Nc6 a6 39. a4 Qf5 40. Qxa6
Qxf3 41. Rxg6+ fxg6 42. Ne5 Qf4 43. Qb7+ Nd7 44. Qxd7+ Kf6 45. Nc6 Kg5 46. Ka2
Rh2 47. Qe7+ Kh6 48. Qc5 Qf2 49. Qxf2 Rxf2 0-1

[Event "2MCRE_F"]
[Site "?"]
[Date "2003.??.??"]
[Round "?"]
[White "Kohler, Josef"]
[Black "Priesol, Daniel"]
[Result "1/2-1/2"]
[WhiteElo "2256"]
[BlackElo "2304"]
[PlyCount "42"]
[EventDate "2003.??.??"]
[EventType "corr"]
[SourceDate "2003.09.09"]

1. c4 Nf6 2. Nf3 c5 3. Nc3 e6 4. g3 b6 5. Bg2 Bb7 6. O-O Be7 7. d4 cxd4 8. Qxd4
O-O 9. Rd1 Nc6 10. Qf4 Qb8 11. b3 Rd8 12. Bb2 Qxf4 13. gxf4 Na5 14. Rac1 d5 15.
cxd5 Nxd5 16. Nxd5 Bxd5 17. Nd4 Bxg2 18. Kxg2 Rac8 19. f5 Rxc1 20. Rxc1 e5 21.
Nb5 a6 1/2-1/2

[Event "2MCRE_F"]
[Site "?"]
[Date "2003.??.??"]
[Round "?"]
[White "Sykora, Josef"]
[Black "Thoma, Otomar"]
[Result "1/2-1/2"]
[WhiteElo "2365"]
[BlackElo "2206"]
[PlyCount "63"]
[EventDate "2003.??.??"]
[EventType "corr"]
[SourceDate "2003.09.09"]

1. c4 e6 2. Nf3 Nf6 3. g3 d5 4. Bg2 Be7 5. O-O O-O 6. d4 dxc4 7. Qc2 a6 8. Qxc4
b5 9. Qc2 Bb7 10. Bd2 Be4 11. Qc1 Nbd7 12. Ba5 Rc8 13. Nbd2 Ba8 14. Qc2 Qe8 15.
b4 Nd5 16. a3 f5 17. e3 Qh5 18. Rac1 Bd6 19. Qd1 N5f6 20. Nh4 Qxd1 21. Rfxd1
Bxg2 22. Nxg2 e5 23. Nb3 g5 24. h4 h6 25. Rc6 Nb8 26. Rc2 Nbd7 27. hxg5 hxg5
28. Nc5 Bxc5 29. dxe5 Nxe5 30. Rxc5 Nf3+ 31. Kf1 Ne4 32. Rxc7 1/2-1/2

[Event "2MCRE_F"]
[Site "?"]
[Date "2003.??.??"]
[Round "?"]
[White "Priesol, Daniel"]
[Black "Pravec, Ladislav"]
[Result "1/2-1/2"]
[WhiteElo "2304"]
[BlackElo "2302"]
[PlyCount "41"]
[EventDate "2003.??.??"]
[EventType "corr"]
[SourceDate "2003.09.09"]

1. d4 Nf6 2. c4 g6 3. Nf3 Bg7 4. g3 O-O 5. Bg2 d5 6. O-O dxc4 7. Na3 Nc6 8.
Nxc4 Be6 9. b3 a5 10. Bb2 Bd5 11. Rc1 Ra6 12. a3 e6 13. e3 Ne7 14. Nfe5 a4 15.
bxa4 Bxg2 16. Kxg2 Qa8 17. Nd2 c6 18. e4 Nc8 19. Qc2 Rxa4 20. Nb3 Nd6 21. Nc5
1/2-1/2

[Event "2MCRE_F"]
[Site "?"]
[Date "2003.??.??"]
[Round "?"]
[White "Gubas, Jan"]
[Black "Privoznik, Lubos"]
[Result "1/2-1/2"]
[WhiteElo "2347"]
[BlackElo "2249"]
[PlyCount "80"]
[EventDate "2003.??.??"]
[EventType "corr"]
[SourceDate "2003.09.09"]

1. e4 c5 2. Nf3 d6 3. d4 cxd4 4. Nxd4 Nf6 5. Nc3 Nc6 6. Bg5 e6 7. Qd2 Be7 8.
O-O-O Nxd4 9. Qxd4 a6 10. f4 b5 11. Bxf6 gxf6 12. Be2 Qa5 13. a3 Rb8 14. Na2
Qb6 15. Bf3 Qxd4 16. Rxd4 Bb7 17. Nc3 h5 18. f5 h4 19. Rhd1 Rg8 20. Kd2 Bd8 21.
Ke1 Bc7 22. Ne2 Ke7 23. Kf1 Rg5 24. R4d3 Rbg8 25. Nf4 Rg4 26. g3 hxg3 27. Bxg4
Rxg4 28. hxg3 Bxe4 29. Rc3 Ba5 30. b4 Bd8 31. a4 bxa4 32. Ra1 Bxf5 33. Rxa4 e5
34. Nd5+ Ke6 35. Nc7+ Bxc7 36. Rxc7 a5 37. Rxa5 Rxb4 38. Ra2 Rb1+ 39. Kf2 Rh1
40. Kf3 Rh2 1/2-1/2

[Event "2MCRE_F"]
[Site "?"]
[Date "2003.??.??"]
[Round "?"]
[White "Gubas, Jan"]
[Black "Thoma, Otomar"]
[Result "1/2-1/2"]
[WhiteElo "2347"]
[BlackElo "2206"]
[PlyCount "115"]
[EventDate "2003.??.??"]
[EventType "corr"]
[SourceDate "2003.09.09"]

1. e4 c5 2. Nf3 d6 3. d4 cxd4 4. Nxd4 Nf6 5. Nc3 a6 6. Be2 e5 7. Nb3 Be7 8. O-O
O-O 9. Qd3 Nbd7 10. a4 b6 11. Qg3 Kh8 12. Rd1 Bb7 13. f3 Qc7 14. Be3 Rad8 15.
Qf2 Nc5 16. Rd2 Rd7 17. Nxc5 dxc5 18. Rxd7 Nxd7 19. Bc4 Nf6 20. Qe2 Qc8 21. Rd1
Kg8 22. Bf2 Rd8 23. Bg3 Bd6 24. Bh4 Be7 25. Rxd8+ Bxd8 26. Qd3 h6 27. Nd1 a5
28. Ne3 Bc6 29. Nf5 Qd7 30. Qxd7 Bxd7 31. Nd6 Bxa4 32. Nxf7 Bc7 33. b3 Be8 34.
Nxe5+ Kf8 35. Bg3 b5 36. Be2 Kg8 37. h4 c4 38. Kf2 Bb6+ 39. Ke1 Bc7 40. Bf4 Nd7
41. Ng6 Bd8 42. h5 cxb3 43. cxb3 Nc5 44. b4 axb4 45. Bd6 Bb6 46. Nf4 b3 47. Kd2
Na4 48. Be5 Ba5+ 49. Kc1 Nc3 50. g4 Bf7 51. Bxc3 Bxc3 52. Bxb5 Kf8 53. Ne2 Bf6
54. Kb1 Ke7 55. Nc1 Be6 56. Be2 b2 57. Nd3 Bc4 58. Nf4 1/2-1/2

[Event "2MCRE_F"]
[Site "?"]
[Date "2003.??.??"]
[Round "?"]
[White "Privoznik, Lubos"]
[Black "Brousek, Jiri"]
[Result "1-0"]
[WhiteElo "2249"]
[BlackElo "2361"]
[PlyCount "83"]
[EventDate "2003.??.??"]
[EventType "corr"]
[SourceDate "2003.09.09"]

1. Nf3 f5 2. g3 Nf6 3. c4 e6 4. Bg2 d5 5. O-O Bd6 6. Nc3 dxc4 7. Qa4+ Nbd7 8.
Qxc4 Nb6 9. Qb3 c6 10. d4 Nbd5 11. Ne5 O-O 12. Bd2 Bxe5 13. dxe5 Ng4 14. Nxd5
exd5 15. f4 Re8 16. a4 a5 17. Rac1 Qe7 18. e4 fxe4 19. Bxe4 Nh6 20. Bg2 Nf5 21.
Rfe1 g6 22. g4 Ng7 23. Qg3 Be6 24. h3 Rf8 25. Rf1 Rf7 26. Qf2 Qd7 27. Bf3 d4
28. Be4 Bd5 29. Qf3 Raf8 30. Rf2 Be6 31. Rc5 Qe7 32. Rxa5 b6 33. Ra6 Qb7 34.
Qe2 Bc8 35. Bd3 Qb8 36. Bc4 Ne6 37. Qe4 Nc7 38. e6 Re7 39. Qxd4 c5 40. Qd6 Bxa6
41. Bxa6 Qd8 42. Qe5 1-0

[Event "2MCRE_F"]
[Site "?"]
[Date "2003.??.??"]
[Round "?"]
[White "Hybl, Vladislav"]
[Black "Alexa, Jaroslav"]
[Result "1/2-1/2"]
[WhiteElo "2309"]
[BlackElo "2362"]
[PlyCount "36"]
[EventDate "2003.??.??"]
[EventType "corr"]
[SourceDate "2003.09.09"]

1. d4 d5 2. c4 e6 3. Nc3 c6 4. e3 Nf6 5. Nf3 Nbd7 6. Qc2 Bd6 7. Bd3 O-O 8. O-O
dxc4 9. Bxc4 a6 10. Rd1 c5 11. dxc5 Bxc5 12. Bd3 Qe7 13. Bd2 b6 14. Ng5 h6 15.
Nge4 Bb7 16. Nxf6+ Nxf6 17. Na4 Rfc8 18. Nxc5 Rxc5 1/2-1/2

[Event "2MCRE_F"]
[Site "?"]
[Date "2003.??.??"]
[Round "?"]
[White "Gubas, Jan"]
[Black "Firla, Stanislav"]
[Result "1/2-1/2"]
[WhiteElo "2347"]
[BlackElo "2344"]
[PlyCount "85"]
[EventDate "2003.??.??"]
[EventType "corr"]
[SourceDate "2003.09.09"]

1. e4 e5 2. Nf3 Nc6 3. Bb5 f5 4. Nc3 Nf6 5. exf5 e4 6. Ng5 d5 7. d3 exd3 8.
Qxd3 Bb4 9. Bxc6+ bxc6 10. O-O O-O 11. Ne2 a5 12. c3 Bd6 13. Qh3 Re8 14. Be3
Qe7 15. Rfe1 c5 16. Ng3 Rb8 17. Bd2 Qf8 18. Rxe8 Qxe8 19. Re1 Qf8 20. Bc1 c4
21. Ne6 Qf7 22. Re2 a4 23. a3 Bd7 24. Bg5 Ne8 25. Bd2 Nf6 26. Ng5 Qf8 27. Be3
Bxa3 28. bxa3 Rb1+ 29. Nf1 Qxa3 30. Nf3 Ne4 31. Bd4 Qf8 32. Qh5 Qxf5 33. Qh4 g5
34. Qh6 Qg6 35. Qxg6+ hxg6 36. Re1 Rxe1 37. Nxe1 a3 38. Nc2 a2 39. f3 Nd6 40.
Nfe3 Be6 41. Kf2 Nb7 42. Na1 c5 43. Be5 1/2-1/2

[Event "2MCRE_F"]
[Site "?"]
[Date "2003.??.??"]
[Round "?"]
[White "Postl, Rostislav"]
[Black "Privoznik, Lubos"]
[Result "1-0"]
[WhiteElo "2251"]
[BlackElo "2249"]
[PlyCount "89"]
[EventDate "2003.??.??"]
[EventType "corr"]
[SourceDate "2003.09.09"]

1. d4 Nf6 2. c4 e6 3. Nf3 c5 4. d5 d6 5. Nc3 exd5 6. cxd5 g6 7. e4 a6 8. a4 Bg4
9. Be2 Bxf3 10. Bxf3 Bg7 11. Bf4 O-O 12. O-O Qe7 13. Re1 Nbd7 14. a5 Ne5 15.
Be2 Rfb8 16. Bg5 h6 17. Be3 b5 18. axb6 Rxb6 19. Qc2 Neg4 20. Bf4 Nxf2 21. Kxf2
Rxb2 22. Qxb2 Nxe4+ 23. Kf1 Bxc3 24. Qc2 Bxa1 25. Bf3 f5 26. Rxa1 g5 27. Bg3
Qf6 28. Re1 Rf8 29. Bf2 Rb8 30. Qa4 Nxf2 31. Kxf2 g4 32. Re6 Qh4+ 33. Kg1 g3
34. Re8+ Rxe8 35. Qxe8+ Kg7 36. Qd7+ Kg8 37. hxg3 Qxg3 38. Qxf5 Qe1+ 39. Kh2
Qh4+ 40. Qh3 Qf4+ 41. Qg3+ Qxg3+ 42. Kxg3 Kg7 43. Kg4 Kf6 44. Kh5 a5 45. Bd1
1-0

[Event "2MCRE_F"]
[Site "?"]
[Date "2003.??.??"]
[Round "?"]
[White "Pytlik, Lesek"]
[Black "Firla, Stanislav"]
[Result "1/2-1/2"]
[WhiteElo "2316"]
[BlackElo "2344"]
[PlyCount "69"]
[EventDate "2003.??.??"]
[EventType "corr"]
[SourceDate "2003.09.09"]

1. e4 e5 2. Nf3 Nc6 3. d4 exd4 4. Nxd4 Bb4+ 5. c3 Bc5 6. Nxc6 bxc6 7. Bd3 Ne7
8. Nd2 Ng6 9. O-O O-O 10. Nb3 Bb6 11. Nd4 Qf6 12. Be3 Bb7 13. Re1 Ne5 14. Nf3
Nxd3 15. Qxd3 d6 16. a4 Bxe3 17. Rxe3 c5 18. Rae1 a6 19. e5 Qf4 20. exd6 cxd6
21. b3 Rfd8 22. Nd2 d5 23. Nc4 Rab8 24. Na5 Qc7 25. b4 cxb4 26. cxb4 Qb6 27.
Nxb7 Qxb7 28. b5 axb5 29. axb5 h6 30. Rb1 d4 31. Re5 Qc7 32. Re2 Qc3 33. Rd2
Qxd3 34. Rxd3 Rb6 35. Rb4 1/2-1/2

[Event "2MCRE_F"]
[Site "?"]
[Date "2003.??.??"]
[Round "?"]
[White "Postl, Rostislav"]
[Black "Sykora, Josef"]
[Result "1/2-1/2"]
[WhiteElo "2251"]
[BlackElo "2365"]
[PlyCount "86"]
[EventDate "2003.??.??"]
[EventType "corr"]
[SourceDate "2003.09.09"]

1. d4 Nf6 2. c4 e6 3. Nf3 b6 4. g3 Bb7 5. Bg2 Be7 6. O-O O-O 7. Nc3 Ne4 8. Bd2
f5 9. Qc2 Bf6 10. Rad1 Nxc3 11. Bxc3 Be4 12. Qc1 d6 13. Bh3 Qe8 14. Ng5 Qh5 15.
Nxe4 Qxh3 16. Nxf6+ Rxf6 17. f3 f4 18. g4 Nd7 19. Qc2 Rf7 20. Qe4 Re8 21. Qc6
Ref8 22. Qb7 Nf6 23. Rf2 a5 24. Rg2 Ne8 25. Qc6 Qh4 26. g5 Re7 27. g6 hxg6 28.
Rxg6 Rf5 29. Kh1 Rg5 30. Rxg5 Qxg5 31. Rg1 Qf5 32. Be1 Kf8 33. Bh4 Rf7 34. Qa4
e5 35. c5 Qe6 36. cxb6 cxb6 37. Bd8 exd4 38. Qb5 Qxa2 39. Bxb6 Rb7 40. Qa6 Qd5
41. Bxd4 Qb5 42. Qxb5 Rxb5 43. Bc3 Nf6 1/2-1/2

[Event "2MCRE_F"]
[Site "?"]
[Date "2003.??.??"]
[Round "?"]
[White "Gubas, Jan"]
[Black "Kohler, Josef"]
[Result "1-0"]
[WhiteElo "2347"]
[BlackElo "2256"]
[PlyCount "53"]
[EventDate "2003.??.??"]
[EventType "corr"]
[SourceDate "2003.09.09"]

1. e4 c5 2. Nf3 Nf6 3. e5 Nd5 4. Nc3 e6 5. Nxd5 exd5 6. d4 Nc6 7. dxc5 Bxc5 8.
Qxd5 Qb6 9. Bc4 Bxf2+ 10. Ke2 O-O 11. Rf1 Bc5 12. Ng5 Nd4+ 13. Kd1 Ne6 14. Ne4
d6 15. exd6 Rd8 16. Qh5 Bxd6 17. Bd3 f5 18. Nxd6 Qxd6 19. Qxf5 Qxh2 20. Qf7+
Kh8 21. Bg5 Rg8 22. Be3 Qxg2 23. Kc1 Qg3 24. Kd2 Qh2+ 25. Rf2 Qh4 26. Raf1 b6
27. Rf5 1-0

[Event "2MCRE_F"]
[Site "?"]
[Date "2003.??.??"]
[Round "?"]
[White "Kohler, Josef"]
[Black "Postl, Rostislav"]
[Result "1-0"]
[WhiteElo "2256"]
[BlackElo "2251"]
[PlyCount "77"]
[EventDate "2003.??.??"]
[EventType "corr"]
[SourceDate "2003.09.09"]

1. c4 e5 2. Nc3 Nf6 3. Nf3 Nc6 4. g3 Bb4 5. Bg2 O-O 6. O-O Re8 7. d3 Bxc3 8.
bxc3 e4 9. Nd4 exd3 10. exd3 Nxd4 11. cxd4 d5 12. Bg5 h6 13. Bxf6 Qxf6 14. Rb1
Qxd4 15. cxd5 Rb8 16. Rc1 Bg4 17. Qd2 Re2 18. Qa5 Qb6 19. Qa4 h5 20. h3 Bf5 21.
Qf4 Qf6 22. Rxc7 g5 23. Rxf7 gxf4 24. Rxf6 Rf8 25. Rxf8+ Kxf8 26. Rb1 Rxa2 27.
Rxb7 fxg3 28. fxg3 Bxd3 29. Bf3 Bf5 30. g4 hxg4 31. hxg4 Ra3 32. Kf2 Bc2 33.
Rc7 Bd3 34. Ke3 a5 35. d6 Bg6+ 36. Kf4 Rd3 37. d7 Ke7 38. Bc6 Rd6 39. Rc8 1-0

[Event "2MCRE_F"]
[Site "?"]
[Date "2003.??.??"]
[Round "?"]
[White "Pravec, Ladislav"]
[Black "Kohler, Josef"]
[Result "1-0"]
[WhiteElo "2302"]
[BlackElo "2256"]
[PlyCount "77"]
[EventDate "2003.??.??"]
[EventType "corr"]
[SourceDate "2003.09.09"]

1. d4 Nf6 2. c4 g6 3. Nc3 Bg7 4. e4 d6 5. Be2 O-O 6. Nf3 e5 7. O-O Nc6 8. d5
Ne7 9. Bg5 Nh5 10. Ne1 Nf4 11. Nd3 Nxe2+ 12. Qxe2 h6 13. Bd2 f5 14. f4 exf4 15.
Nxf4 g5 16. Ne6 Bxe6 17. dxe6 f4 18. Rad1 Ng6 19. Qh5 Kh7 20. Qh3 Qc8 21. c5
dxc5 22. Be1 Ne5 23. Nd5 c6 24. Ne7 g4 25. Nxc8 gxh3 26. Nd6 Ng6 27. Bc3 hxg2
28. Kxg2 Bxc3 29. bxc3 b5 30. Nf5 b4 31. Rd7+ Kh8 32. e7 Rg8 33. Kf2 bxc3 34.
Rd6 Rae8 35. Rc1 Rxe7 36. Nxe7 Nxe7 37. Rxc3 Kg7 38. Rb3 Re8 39. Rb7 1-0

[Event "2MCRE_F"]
[Site "?"]
[Date "2003.??.??"]
[Round "?"]
[White "Alexa, Jaroslav"]
[Black "Sykora, Josef"]
[Result "1/2-1/2"]
[WhiteElo "2362"]
[BlackElo "2365"]
[PlyCount "66"]
[EventDate "2003.??.??"]
[EventType "corr"]
[SourceDate "2003.09.09"]

1. d4 Nf6 2. c4 g6 3. Nc3 Bg7 4. e4 d6 5. f3 O-O 6. Be3 e5 7. d5 Nh5 8. Nge2 f5
9. exf5 gxf5 10. Qd2 Nd7 11. O-O-O Ndf6 12. g3 a6 13. Kb1 Bd7 14. h3 Nxg3 15.
Nxg3 f4 16. Rg1 fxe3 17. Qxe3 Kh8 18. Bd3 b5 19. cxb5 axb5 20. Bxb5 Bxb5 21.
Nxb5 Qd7 22. Qd3 Bh6 23. Ne4 Nh5 24. Rg4 Rfb8 25. Nbc3 Nf4 26. Qc2 Qf7 27. Rh4
Qg7 28. Ne2 Nxe2 29. Qxe2 Bf4 30. Qd3 Rb6 31. Rg4 Qf7 32. b3 Rba6 33. Rg2 Ra5
1/2-1/2

[Event "2MCRE_F"]
[Site "?"]
[Date "2003.??.??"]
[Round "?"]
[White "Gubas, Jan"]
[Black "Sykora, Josef"]
[Result "0-1"]
[WhiteElo "2347"]
[BlackElo "2365"]
[PlyCount "92"]
[EventDate "2003.??.??"]
[EventType "corr"]
[SourceDate "2003.09.09"]

1. e4 e6 2. d4 d5 3. e5 c5 4. c3 Nc6 5. Nf3 Qb6 6. a3 c4 7. Nbd2 Na5 8. Rb1 Bd7
9. Be2 Ne7 10. O-O Qc7 11. Ng5 h6 12. Nh3 O-O-O 13. b4 cxb3 14. Nf4 g6 15. Qe1
Qxc3 16. Bb2 Qc7 17. Rc1 Nec6 18. Nd3 Kb8 19. Nc5 f6 20. exf6 Bd6 21. Nf3 Rhf8
22. Bb5 Rxf6 23. Ne5 Bxe5 24. dxe5 Rf4 25. g3 Rf7 26. Qe2 d4 27. Rfe1 Bc8 28.
Bxc6 Nxc6 29. Nxb3 Qb6 30. Nc5 h5 31. Nd3 h4 32. Rc4 hxg3 33. fxg3 g5 34. Bc1
Rg7 35. Qd1 Rh8 36. Re2 Ka8 37. Rb2 Qd8 38. Rbc2 Bd7 39. Rf2 Rgg8 40. Bb2 Rf8
41. Rfc2 Rf7 42. Rc1 Ne7 43. Qe1 Nf5 44. Qe4 Bb5 45. Rc5 Qd7 46. Nf2 Bc6 0-1